Historia de la filosofía

Guardat en:
Dades bibliogràfiques
Autor principal: Abbagnano, Nicolás (Autor)
Altres autors: Estelrich, Juan (traductor, (v.1) (v.2) (v.3)), Pérez Ballestar, J. (traductor, (v.1) (v.2) (v.3))
Format: Llibre
Idioma:espanyol
Publicat: Barcelona Hora 1982
Matèries:
Etiquetes: Afegir etiqueta
Sense etiquetes, Sigues el primer a etiquetar aquest registre!

MARC

LEADER 00000nam a2200000 a 4500
001 UCW4439
003 CL-VaPUC
005 20211118131444.0
008 900406e19820000SP |||||||||||||||||spa|d
999 |c 218179  |d 218177 
040 |c Pontificia Universidad Católica de Valparaíso 
082 0 4 |a 109  |b ABA  |2 21 
100 |a Abbagnano, Nicolás  |e author  |9 339031 
245 1 0 |a Historia de la filosofía 
260 |a Barcelona  |b Hora  |c 1982 
300 |a 3 v 
500 |a v.1: Filosofía Antigua. Filosofía Patrística. Filosofía Escolástica 
500 |a v.2: La Filosofía del Renacimiento, la Filosofía Moderna de los siglos XVII y XVIII 
500 |a v.3: La Filosofía del Romanticismo, la Filosofía entre los siglos XIX y XX 
583 |a last modification  |c 19900406 00:00:00  |k Rodrigo Vera 
650 0 |a Filosofía   |9 223554 
650 0 |a Historia  |9 255047 
700 1 |a Estelrich, Juan  |e traductor  |e (v.1) (v.2) (v.3)  |9 864718 
700 1 |a Pérez Ballestar, J.  |e traductor  |e (v.1) (v.2) (v.3)  |9 864719 
942 |c BK  |2 ddc 
945 |d 19900406 00:00:00  |a aalvarez 
952 |0 0  |1 0  |4 0  |6 109_000000000000000_ABA_1982  |7 0  |8 A  |9 207225  |a BIBTEO  |b BIBTEO  |d 2019-11-15  |h v.1  |i 2750171  |l 3  |o 109 ABA 1982  |p 2750171  |q 2025-05-19  |r 2025-05-02  |s 2025-05-02  |w 2019-11-15  |y BK  |k ICR 
952 |0 0  |1 0  |4 0  |6 109_000000000000000_ABA_1982  |7 0  |8 A  |9 207226  |a BIBTEO  |b BIBTEO  |d 2019-11-15  |h v.2  |i 275018K  |l 1  |o 109 ABA 1982  |p 275018K  |r 2025-05-02  |s 2025-05-02  |w 2019-11-15  |y BK  |k ICR 
952 |0 0  |1 2  |4 0  |6 109_000000000000000_ABA_1982  |7 0  |8 A  |9 207227  |a BIBTEO  |b BIBTEO  |d 2019-11-15  |h v.3  |i 2750198  |o 109 ABA 1982  |p 2750198  |r 2019-11-15  |w 2019-11-15  |y BK  |k ICR 
952 |0 0  |1 0  |4 0  |6 109_000000000000000_ABA_1982  |7 0  |8 A  |9 207228  |a BIBEDU  |b BIBEDU  |d 2019-11-15  |h v.1  |i 2750201  |o 109 ABA 1982  |p 2750201  |r 2019-11-15  |w 2019-11-15  |y BK  |k EDU 
952 |0 0  |1 0  |4 0  |6 109_000000000000000_ABA_1982  |7 0  |8 A  |9 207229  |a BIBEDU  |b BIBEDU  |d 2019-11-15  |h v.2  |i 275021K  |o 109 ABA 1982  |p 275021K  |r 2019-11-15  |w 2019-11-15  |y BK  |k EDU 
952 |0 0  |1 0  |4 0  |6 109_000000000000000_ABA_1982  |7 0  |8 A  |9 207230  |a BIBEDU  |b BIBEDU  |d 2019-11-15  |h v.3  |i 2750228  |o 109 ABA 1982  |p 2750228  |r 2019-11-15  |w 2019-11-15  |y BK  |k EDU